[Event "Bayern-chI Bank Hofmann 9th"]
[Site "Bad Wiessee"]
[Date "2005.10.30"]
[Round "2"]
[White "Gilbert, Jessie"]
[Black "Zude, Arno"]
[Result "1/2-1/2"]
[WhiteElo "2148"]
[BlackElo "2422"]
[PlyCount "84"]
[EventDate "2005.10.29"]
[EventType "swiss"]
[EventRounds "9"]
[EventCountry "GER"]
[SourceTitle "EXT 2006"]
[Source "ChessBase"]
[SourceDate "2005.11.24"]
[SourceVersion "1"]
[SourceVersionDate "2005.11.24"]
[SourceQuality "1"]

1. d4 Nf6 2. c4 e6 3. Nf3 b6 4. g3 Bb7 5. Bg2 Be7 6. 0-0 0-0 7. d5 Na6 8. Nc3 Bb4 9. Nd4 Bxc3 10. bxc3 Nc5 11. Ba3 Rb8 12. Nb3 d6 13. Bxc5 bxc5 14. Na5 Ba8 15. e4 e5 16. Rb1 Rb6 17. Qc2 Qd7 18. Rfe1 Rfb8 19. Bf1 g6 20. Bd3 Kg7 21. Rb5 a6 22. Rbb1 Rxb1 23. Rxb1 Rxb1+ 24. Qxb1 Qa4 25. Nb3 Qa3 26. Qc2 Nd7 27. Nd2 Nb6 28. Nb1 Qa5 29. Qb3 Bb7 30. Qa3 Qxa3 31. Nxa3 Na4 32. Nb1 Nb2 33. Be2 Bc8 34. f3 Bd7 35. Kf2 f5 36. Ke3 fxe4 37. fxe4 h5 38. Na3 Na4 39. Kd2 Nb6 40. h4 Ba4 41. Bf3 Kh6 42. Bd1 Bd7 1/2-1/2

[Event "BCF-chT2 0506 (4NCL)"]
[Site "Birmingham"]
[Date "2005.10.23"]
[Round "2.5"]
[White "Duggan, Christopher"]
[Black "Gilbert, Jessie"]
[Result "1-0"]
[WhiteElo "2104"]
[BlackElo "2148"]
[PlyCount "77"]
[EventDate "2005.10.22"]
[EventType "team"]
[EventRounds "11"]
[EventCountry "ENG"]
[SourceTitle "EXT 2007"]
[Source "ChessBase"]
[SourceDate "2006.11.23"]
[SourceVersion "1"]
[SourceVersionDate "2006.11.23"]
[SourceQuality "1"]
[WhiteTeam "Oxford"]
[BlackTeam "Wood Green III"]
[WhiteTeamCountry "ENG"]
[BlackTeamCountry "ENG"]

1. e4 g6 2. d4 Bg7 3. Nf3 d6 4. c3 Nf6 5. Bd3 0-0 6. 0-0 Nc6 7. b4 a6 8. Qb3 e5 9. h3 Nh5 10. dxe5 Nxe5 11. Be2 Nxf3+ 12. Bxf3 Qh4 13. Qd1 Nf4 14. Be3 Be5 15. g3 Nxh3+ 16. Kg2 Qf6 17. Bg4 Bxc3 18. Nxc3 Qxc3 19. Bxh3 Qxb4 20. Qc2 Re8 21. Rab1 Qxe4+ 22. Qxe4 Bxh3+ 23. Kxh3 Rxe4 24. Rxb7 Ra4 25. Rxc7 Rxa2 26. Rd1 Rd8 27. Kg4 Ra5 28. Bg5 Re8 29. Rxd6 h5+ 30. Kh4 Re1 31. Rc1 Rxc1 32. Bxc1 Rf5 33. f4 a5 34. Bb2 Kh7 35. Rf6 Rxf6 36. Bxf6 a4 37. Bb2 Kg8 38. Kg5 Kf8 39. Kf6 1-0

[Event "BCF-chT2 0506 (4NCL)"]
[Site "Birmingham"]
[Date "2005.10.22"]
[Round "1.5"]
[White "Gilbert, Jessie"]
[Black "Hodge, David Jonathan"]
[Result "1/2-1/2"]
[WhiteElo "2148"]
[BlackElo "2164"]
[PlyCount "57"]
[EventDate "2005.10.22"]
[EventType "team"]
[EventRounds "11"]
[EventCountry "ENG"]
[SourceTitle "EXT 2007"]
[Source "ChessBase"]
[SourceDate "2006.11.23"]
[SourceVersion "1"]
[SourceVersionDate "2006.11.23"]
[SourceQuality "1"]
[WhiteTeam "Wood Green III"]
[BlackTeam "Cambridge"]
[WhiteTeamCountry "ENG"]
[BlackTeamCountry "ENG"]

1. d4 Nf6 2. c4 g6 3. Nc3 Bg7 4. e4 d6 5. f3 0-0 6. Bg5 c5 7. d5 e6 8. Qd2 exd5 9. cxd5 Bd7 10. a4 Na6 11. Nge2 Re8 12. Ng3 Nb4 13. Be2 h6 14. Be3 h5 15. 0-0 a6 16. Ra3 Rc8 17. a5 Qe7 18. Bc4 Nh7 19. Na2 h4 20. Nh1 f5 21. Nf2 Nxa2 22. Bxa2 fxe4 23. Nxe4 Kh8 24. Bf4 Bd4+ 25. Kh1 Bb5 26. Rd1 Be5 27. Bxe5+ Qxe5 28. Qc3 Rcd8 29. Bb1 1/2-1/2

[Event "Gausdal Byggern Masters"]
[Site "Gausdal"]
[Date "2005.10.05"]
[Round "5"]
[White "Gilbert, Jessie"]
[Black "Hammer, Jon Ludvig"]
[Result "0-1"]
[WhiteElo "2148"]
[BlackElo "2278"]
[PlyCount "77"]
[EventDate "2005.10.01"]
[EventType "swiss"]
[EventRounds "9"]
[EventCountry "NOR"]
[SourceTitle "CBM 108 Extra"]
[Source "ChessBase"]
[SourceDate "2005.11.04"]
[SourceVersion "1"]
[SourceVersionDate "2005.11.04"]
[SourceQuality "1"]

1. d4 e6 2. c4 b6 3. e4 Bb7 4. Bd3 Nc6 5. Ne2 Nb4 6. 0-0 g6 7. Nbc3 Nxd3 8. Qxd3 Bg7 9. Be3 Ne7 10. f4 d6 11. Ng3 f5 12. exf5 Nxf5 13. Nxf5 exf5 14. d5 0-0 15. Bd4 Bc8 16. Nb5 Bd7 17. Bxg7 Kxg7 18. Nd4 Qf6 19. Rae1 Rfe8 20. b3 a5 21. a4 Kf8 22. Nb5 Bxb5 23. cxb5 Rxe1 24. Rxe1 Re8 25. Rxe8+ Kxe8 26. Kf2 Kd8 27. Qd2 Qa1 28. Kg3 Qb1 29. Qc3 Kc8 30. Qe3 Qd1 31. Qe8+ Kb7 32. Qc6+ Kb8 33. Qc4 Qg4+ 34. Kf2 Qh4+ 35. Kf3 Qxh2 36. Qc6 Qh5+ 37. Ke3 Qh4 38. Qe8+ Ka7 39. Qd7 0-1

[Event "Gausdal Byggern Masters"]
[Site "Gausdal"]
[Date "2005.10.03"]
[Round "3"]
[White "Hole, Oystein"]
[Black "Gilbert, Jessie"]
[Result "1-0"]
[WhiteElo "2336"]
[BlackElo "2148"]
[PlyCount "91"]
[EventDate "2005.10.01"]
[EventType "swiss"]
[EventRounds "9"]
[EventCountry "NOR"]
[SourceTitle "CBM 108 Extra"]
[Source "ChessBase"]
[SourceDate "2005.11.04"]
[SourceVersion "1"]
[SourceVersionDate "2005.11.04"]
[SourceQuality "1"]

1. Nf3 g6 2. c4 Bg7 3. e4 d6 4. d4 Nf6 5. Nc3 0-0 6. Be2 e5 7. 0-0 Nc6 8. d5 Ne7 9. b4 a5 10. Ba3 Ne8 11. c5 h6 12. Nd2 axb4 13. Bxb4 dxc5 14. Bxc5 Nd6 15. Qb3 f5 16. Nb5 Kh8 17. Rac1 fxe4 18. Nxd6 cxd6 19. Bb6 Qe8 20. Nxe4 Nf5 21. Bg4 Qa4 22. Bxf5 Bxf5 23. Nxd6 Qxa2 24. Qxa2 Rxa2 25. Nxf5 gxf5 26. d6 Bf6 27. Rfd1 Kg8 28. Kf1 Bd8 29. Bxd8 Rxd8 30. Rc5 Kf7 31. Rxe5 Kf6 32. Rdd5 Ra1+ 33. Ke2 Ra2+ 34. Kf3 Ra3+ 35. Kf4 Ra4+ 36. Kg3 f4+ 37. Kf3 Rxd6 38. Rf5+ Kg6 39. Rxd6+ Kxf5 40. Rd5+ Kf6 41. Rb5 Ra7 42. Kxf4 Ra4+ 43. Kg3 Ra7 44. f4 Kg6 45. Kg4 Ra2 46. Rb6+ 1-0